| 000 | 02578nam1a2200385 i 4500 | ||
|---|---|---|---|
| 001 | RU\NLR\BIBL_A\012589086 | ||
| 005 | 20260406124232.0 | ||
| 010 |
_a9785090846547 _9120 |
||
| 035 | _a(NLR Aleph) 012589086 | ||
| 090 |
_a12546484 _c12546484 |
||
| 100 | _a20210901d2021 e y0rusy50 ca | ||
| 101 | 0 | _arus | |
| 102 | _aRU | ||
| 105 | _a||||j|||||||| | ||
| 181 | 0 |
_ai3 _baxxe |
|
| 182 | 0 | _an | |
| 200 | 1 |
_aМатематика: алгебра и начала математического анализа, геометрия. Алгебра и начала математического анализа _eбазовый уровень _e10 класс _eучебник _eсоответствует ФГОС и ПООП СОО _eв двух частях _fА.Г. Мордкович, П.В. Семенов, Л.А. Александрова, Е.Л. Мардахаева |
|
| 203 |
_aТекст _bвизуальный _cнепосредственный |
||
| 210 |
_aМосква _cПросвещение _cБИНОМ _d2021 |
||
| 215 | _d22 | ||
| 300 | _aНа обороте тит. с. авт.: А.Г. Мордкович, засл. деят. науки РФ, лауреат премии Президента РФ в обл. образования, д-р пед. наук, проф., П.В. Семенов, д-р физ.-мат. наук, проф., Л.А. Александрова, отличник нар. просвещения, Е.Л. Мардахаева, канд. пед. наук, доц. | ||
| 300 | _aНа обл.: Лаборатория А.Г. Мордковича | ||
| 517 | 1 | _aАлгебра и начала математического анализа | |
| 606 |
_aАлгебра _jУчебники для средней школы _9922117 _3RU\NLR\AUTH\6619328 |
||
| 606 | 1 |
_aМатематический анализ _jУчебники для средней школы _9963473 _3RU\NLR\AUTH\6641277 |
|
| 686 | 1 | _aВ151я721-1 | |
| 686 | 1 | _aВ161.1я721-1 | |
| 701 | 1 |
_8rus _7ca _aМордкович _bА. Г. _f1940- _gАлександр Григорьевич _3RU\NLR\AUTH\77983 _9111018 |
|
| 701 | 1 |
_aСеменов _bП. В. _cд-р физ.-мат. наук _gПавел Владимирович _3RU\NLR\AUTH\7743996 _926938 |
|
| 701 | 1 |
_8rus _7ca _aАлександрова _bЛ.А. _cматематик _gЛидия Александровна _3RU\NLR\AUTH\7728920 _911949 |
|
| 701 | 1 |
_aМардахаева _bЕ. Л. _gЕлена Львовна |
|
| 852 |
_aNLR _j2021-5/7154 |
||
| 942 | _cBOOK | ||